|
|
|
|
| LEADER |
01109na a2200325 4500 |
| 001 |
000031117 |
| 003 |
5468 |
| 005 |
20230302161215.0 |
| 008 |
151001s2005 000 eng |
| 040 |
|
|
|a LNN
|
| 041 |
|
|
|a eng
|
| 082 |
|
|
|a 420.4
|b LƯ-T
|
| 100 |
|
|
|a Lương Đức Trí
|
| 245 |
|
4 |
|a The Triangle of Forces as a way of Life in Major Barbara /
|c Lương Đức Trí.
|
| 260 |
|
|
|c 2005.
|
| 300 |
|
|
|a 41tr. : mh ; 30cm.
|
| 650 |
|
|
|a The Triangle of Forces as a way of Life in Major Barbara, 2005, 41TR
|
| 852 |
|
|
|c Luận văn sinh viên
|
| OWN |
|
|
|a LNN
|
| AVA |
|
|
|a UDN50
|b LNN
|c English
|d 420.4 LƯ-T
|e available
|t Error 5001 Not defined in file expand_doc_bib_avail.
|f 1
|g 0
|h N
|i 0
|j AN
|k 1
|
| 999 |
|
|
|a From the UDN01
|
| AVA |
|
|
|a UDN50
|b LNN
|c English
|d 420.4 LƯ-T
|e available
|t Error 5001 Not defined in file expand_doc_bib_avail.
|f 1
|g 0
|h N
|i 0
|j AN
|k 1
|
| TYP |
|
|
|a Printed language
|
| 980 |
|
|
|a Mạng thư viện Đại học Đà Nẵng
|